000 01374pam a2200409 i 4500
001 vtls000865885
003 PNM
005 20210411124820.0
008 181115s2019 my e a001 0 may
015 _aM191-02484
020 _a9789674127152
_qpaperback
_cRM40.00
039 9 _a202002231014
_bAUTHORITY
_c201912230913
_drosliza
_c201909230819
_dfatin_e
_c201907041629
_dadayu
040 _aBNM
_beng
_cBNM
_erda
_dPPAK
049 _amal
082 0 4 _a305.23509595
_223
090 0 0 _a305.23509595
_bGEN
_dG
245 0 0 _aGENERASI MILENIUM MALAYSIA :
_bMENANGANI PERUBAHAN DAN KETIDAKSAMAAN /
_cdisunting oleh: SAMSUDIN A. RAHIM, CHONG SHEAU TSUEY
264 1 _aBangi, Selangor :
_bPenerbit Universiti Kebangsaan Malaysia,
_c2019
264 4 _c©2019
300 _a244 pages ;
_c23 cm
336 _atext
_2rdacontent
337 _aunmediated
_2rdamedia
338 _avolume
_2rdacarrier
500 _aIncludes index.
504 _aBibliography : pages [225]-238.
650 1 0 _aYouth
_zMalaysia
650 2 0 _aYouth development
_zMalaysia
650 2 0 _aGovernment publications
_zMalaysia
651 0 _aMalaysia
_xSocial conditions
651 0 _aMalaysia
_xPolitics and government
700 0 _aSamsudin A. Rahim,
_eeditor.
700 1 _aChong, Sheau Tsuey,
_eeditor.
942 _2ddc
_cB
949 _62000691352
949 _62000691351
949 _62000691350
999 _c183169
_d183169